000 00283nam a2200121Ia 4500
008 190216s9999||||xx |||||||||||||| ||und||
100 _aSundaram K P M
245 0 _aFiscal Economics
260 _bSulthan Chand&Sons
_c1972
300 _a457 pages
650 _aEconomics
942 _cBK
999 _c9637
_d9637